Normal view
MARC view
Entry Personal Name
001 - CONTROL NUMBER
- control field: 47420
003 - CONTROL NUMBER IDENTIFIER
- control field: dpl
005 - DATE AND TIME OF LATEST TRANSACTION
- control field: 20120519113856.0
008 - FIXED-LENGTH DATA ELEMENTS
- fixed length control field: 120519|||a|||||| | ||| d
040 ## - CATALOGING SOURCE
- Original cataloging agency: dpl
- Transcribing agency: dpl
100 ## - HEADING--PERSONAL NAME
- Personal name: Sivakumar, Chitra
670 ## - SOURCE DATA FOUND
- Source citation: Work cat.: (dpl): Sivakumar, Chitra, Management of information services /, 2000
670 ## - SOURCE DATA FOUND
- Source citation: Work cat.: (dpl): Sivakumar, Chitra, Management of information services /, 2000
